List of Guns in Enter the Gungeon - Statistics

General Stats
  • This quiz has been taken 161 times
  • The average score is 120 of 239
Answer Stats
Answer % Correct
AK-47
85%
Crossbow
82%
M1
78%
Sawed-off
77%
JK-47
75%
RPG
75%
A.W.P.
74%
Blasphemy
74%
Bullet
74%
Casey
74%
Marine Sidearm
74%
Pea Shooter
72%
Rusty Sidearm
72%
Shell
72%
Unfinished Gun
71%
Devolver
69%
Finished Gun
69%
Regular Shotgun
69%
Bow
68%
Robot's Right Hand
68%
Sling
68%
Robot's Left Hand
66%
Demon Head
65%
M1911
65%
Shotgun Full of Love
65%
Sniper Rifle
65%
AKEY-47
63%
Black Hole Gun
63%
Dragunfire
63%
Grenade Launcher
63%
Rogue Special
63%
Shotgun Full of Hate
63%
Hegemony Carbine
62%
M16
62%
Machine Pistol
62%
Shotbow
62%
Winchester
62%
Yari Launcher
62%
Budget Revolver
60%
Gamma Ray
60%
Gunther
60%
Hegemony Rifle
60%
Stinger
60%
Dart Gun
58%
Evolver
58%
Mailbox
58%
Shade's Revolver
58%
Smiley's Revolver
58%
Triple Crossbow
58%
Alien Engine
57%
Alien Sidearm
57%
Sticky Crossbow
57%
VertebraeK-47
57%
Cold 45
55%
Dueling Pistol
55%
Dungeon Eagle
55%
Fightsabre
55%
MAC10
55%
Magnum
55%
Old Goldie
55%
Patriot
55%
Slinger
55%
Trashcannon
55%
Vulcan Cannon
55%
Bee Hive
54%
Bubble Blaster
54%
Charmed Bow
54%
Dueling Laser
54%
Eye of the Beholster
54%
Flame Hand
54%
Gunbow
54%
Lower Case r
54%
Makeshift Cannon
54%
Moonscraper
54%
T-Shirt Cannon
54%
AU Gun
52%
Big Iron
52%
BSG
52%
Com4nd0
52%
Gungeon Ant
52%
Ice Breaker
52%
Origuni
52%
Prototype Railgun
52%
Railgun
52%
Serious Cannon
52%
Shotgrub
52%
Unicorn Horn
52%
Void Shotgun
52%
Wood Beam
52%
Big Shotgun
51%
Brick Breaker
51%
Crown of Guns
51%
Face Melter
51%
Freeze Ray
51%
GuNNER
51%
Molotov Launcher
51%
Mutation
51%
Rad Gun
51%
RUBE-ADYNE Prototype
51%
SAA
51%
Siren
51%
The Judge
51%
Trank Gun
51%
Void Core Assault Rifle
51%
Winchester Rifle
51%
38 Special
49%
Abyssal Tentacle
49%
Barrel
49%
Blunderbuss
49%
Cactus
49%
Compressed Air Tank
49%
Elephant Gun
49%
Excaliber
49%
Gunslinger's Ashes
49%
Gunzheng
49%
Helix
49%
Hexagun
49%
Hyper Light Blaster
49%
Makarov
49%
Mega Douser
49%
Nail Gun
49%
Poxcannon
49%
Proton Backpack
49%
Trident
49%
Witch Pistol
49%
Blooper
48%
Flare Gun
48%
Mahoguny
48%
Megahand
48%
The Scrambler
48%
Thompson Sub-Machinegun
48%
Void Marshal
48%
Bait Launcher
46%
Banana
46%
Bundle of Wands
46%
Camera
46%
Chamber Gun
46%
Colt 1851
46%
Crescent Crossbow
46%
Crestfaller
46%
Deck4rd
46%
Disintegrator
46%
Grey Mauser
46%
Gungine
46%
H4mmer
46%
Heck Blaster
46%
High Kaliber
46%
Light Gun
46%
Mass Shotgun
46%
Pitchfork
46%
Plague Pistol
46%
Really Special Lute
46%
RUBE-ADYNE MK.II
46%
Rubenstein's Monster
46%
Snowballer
46%
Tangler
46%
Tear Jerker
46%
The Membrane
46%
Trick Gun
46%
Void Core Cannon
46%
Zilla Shotgun
46%
Boxing Glove
45%
Charge Shot
45%
Combined Rifle
45%
Gunderfury
45%
Jolter
45%
Klobbe
45%
Knight's Gun
45%
Laser Rifle
45%
Science Cannon
45%
Shock Rifle
45%
The Emperor
45%
The Exotic
45%
Balloon Gun
43%
Cat Claw
43%
Derringer
43%
Directional Pad
43%
Elimentaler
43%
Fossilized Gun
43%
Glacier
43%
Laser Lotus
43%
Plunger
43%
Pulse Cannon
43%
Quad Laser
43%
Rattler
43%
RC Rocket
43%
Screecher
43%
Shellegun
43%
Super Meat Gun
43%
Betrayer's Shield
42%
Bullet Bore
42%
Composite Gun
42%
Heroine
42%
Huntsman
42%
Luxin Cannon
42%
Machine Fist
42%
Pheonix
42%
Vorpal Gun
42%
Flash Ray
40%
Gilded Hydra
40%
Glass Cannon
40%
Kruller Graive
40%
Lil' Bomber
40%
Microtransaction Gun
40%
Mr. Accretion Jr.
40%
Particulator
40%
Polaris
40%
Skull Spitter
40%
Strafe Gun
40%
Wind Up Gun
40%
Zorgun
40%
3rd Party Controller
38%
AC-15
38%
Raiden Coil
38%
Starpew
38%
Sunlight Javelin
38%
Buzzkill
37%
Frost Giant
37%
Grasschopper
37%
Mourning Star
37%
Snakemaster
37%
Stone Dome
37%
Teapot
37%
Tetrominator
37%
The Kiln
37%
Thunderclap
35%
Anvillian
34%
Dark Marker
34%
Magic Lamp
34%
Silencer
34%
Triple Gun
34%
Mine Cutter
32%
Corsair
31%
Life Orb
29%
Staff of Firepower
29%
Turbo-Gun
29%
Cobalt Hammer
28%
The Fat Line
28%
The Predator
25%
No matching quizzes found
Score Distribution
Percent of People with Each Score
Percentile by Number Answered
Your Score History
You have not taken this quiz